=LDR 00000nam 2200000 4500 =001 NUTBA000000000000039 =005 20140314105438.0 =006 =007 =008 =020 ##$$a 979-9375-93-2 =035 ##$$a 0010-031400000000038 =040 ##$$a nbpdmat =082 ##$$a 959.804 =090 ##$$a 959.804$bSet m =100 ##$$a Setiawan, Hersri =245 ##$$a Memoar pulau buru =250 ##$$a cet.1 =260 ##$$a Magelang$bIndonesiatera$c2004 =300 ##$$a xix,615hlm.$c21 cm. =650 ##$$a Indonesia$xPartai Komunis indonesia 30 Sep 1965 =850 ##$$a NBPDMAT =990 ##$$a 0098/PN/2014